000 01994nam a2200445 c 4500
001 53420
003 ES-MaCES
005 20250407110543.0
007 cr |||||||||||
008 241122s2024 ssp o000|0 spad
017 _aM PE-2024
_bDL
024 _2M 26426-2024
_aDL
040 _aES-MaCES
_bspa
_cES-MaCES
110 2 _92408
_aConsejo Económico y Social (España)
245 1 0 _aDictamen 10-2024 sobre el Anteproyecto de Ley de administradores y compradores de créditos y por la que se modifican la Ley 44/2002, de 22 de noviembre, de medidas de reforma del sistema financiero, la Ley 16/2011, de 24 de junio, de contratos de crédito al consumo, la Ley 5/2019, de 15 de marzo, reguladora de los contratos de crédito inmobiliario y el Real Decreto Legislativo 1/2020, de 5 de mayo, por el que se aprueba el texto refundido de la Ley Concursal
_hRecurso electrónico
_b: Sesión ordinaria del Pleno de 14 de noviembre de 2024
_cConsejo Económico y Social
250 _a1ª ed
260 _aMadrid
_bConsejo Económico y Social
_c2024
300 _a10 p.
_e1 documento pdf (73 kb)
490 1 _aColección Dictámenes
_v10-2024
541 _cGratuito
650 4 _acrédito
_928107
650 4 _apolítica crediticia
_928109
650 4 _asistema de créditos
_928110
650 4 _acrédito al consumidor
_928106
650 4 _amecanismo de control
_929918
650 4 _amercado financiero
_928150
650 4 _asector financiero
_930761
650 4 _areforma legislativa
_929892
650 4 _aderecho concursal
_931756
650 4 _aderecho comunitario
_929866
650 4 _aarmonización
_929884
650 4 _aEspaña
_926964
650 4 _arégimen jurídico
_929894
650 4 _adictamen
_930802
653 _aFinanciación
830 0 _932521
_aColección Dictámenes (Consejo Económico y Social (España))
_v10-2024
856 4 _uhttp://www.ces.es/documents/DIC/2024/10
_ytexto completo
902 _aELE PUB. ELECTRONICA
942 _2CES
_cBK
_h0.0.
999 _c53420
_d53420